AN INTRODUCTION TO ENGLISH CRITICISM (Record no. 20942)
[ view plain ]
| 000 -LEADER | |
|---|---|
| fixed length control field | 00461cam a2200181ua 4500 |
| 008 - FIXED-LENGTH DATA ELEMENTS--GENERAL INFORMATION | |
| fixed length control field | 160722n II |||gr||||Z||||||eng |
| 040 ## - CATALOGING SOURCE | |
| Original cataloging agency | MAIN |
| 041 ## - LANGUAGE CODE | |
| -- | English |
| 082 ## - DEWEY DECIMAL CLASSIFICATION NUMBER | |
| Classification number | 820 PRA |
| 100 ## - MAIN ENTRY--PERSONAL NAME | |
| Personal name | PRASAD, BIRJADISH., |
| Relator term | AUTHOR., |
| 245 ## - TITLE STATEMENT | |
| Title | AN INTRODUCTION TO ENGLISH CRITICISM |
| 250 ## - EDITION STATEMENT | |
| Edition statement | REP. |
| 260 ## - PUBLICATION, DISTRIBUTION, ETC. | |
| Place of publication, distribution, etc. | NEW DELHI: |
| Name of publisher, distributor, etc. | TRINITY PRESS., |
| Date of publication, distribution, etc. | 2014. |
| 300 ## - PHYSICAL DESCRIPTION | |
| Extent | 257: |
| Dimensions | 18CM. |
| 942 ## - ADDED ENTRY ELEMENTS (KOHA) | |
| Koha item type | Books |
| 653 ## - INDEX TERM--UNCONTROLLED | |
| Uncontrolled term | English.& Old English literatures |
| Withdrawn status | Lost status | Damaged status | Not for loan | Collection code | Home library | Current library | Shelving location | Date acquired | Full call number | Barcode | Date last seen | Copy number | Price effective from | Koha item type | Public note |
|---|---|---|---|---|---|---|---|---|---|---|---|---|---|---|---|
| TBENG | Central Library and Information Centre Sibsagar Girls College | Central Library and Information Centre Sibsagar Girls College | English Rack | 28.04.2015 | 820 PRA | 32325 | 27.02.2020 | 1 | 27.02.2020 | Books | |||||
| TBENG | Central Library and Information Centre Sibsagar Girls College | Central Library and Information Centre Sibsagar Girls College | ENGLISH BOOK RACK | 28.04.2015 | 820 PRA | 32326 | 27.02.2020 | 2 | 27.02.2020 | Books | V | ||||
| TBECO | Central Library and Information Centre Sibsagar Girls College | Central Library and Information Centre Sibsagar Girls College | ECONOMICS BOOK RACK | 28.04.2015 | 820 PRA | 32327 | 27.02.2020 | 3 | 27.02.2020 | Books | V | ||||
| TBENG | Central Library and Information Centre Sibsagar Girls College | Central Library and Information Centre Sibsagar Girls College | ENGLISH BOOK RACK | 28.04.2015 | 820 PRA | 32328 | 27.02.2020 | 4 | 27.02.2020 | Books | V | ||||
| TBENG | Central Library and Information Centre Sibsagar Girls College | Central Library and Information Centre Sibsagar Girls College | English Rack | 28.04.2015 | 820 PRA | 32329 | 27.02.2020 | 5 | 27.02.2020 | Books |